| 000 | 00572pab a2200193 454500 | ||
|---|---|---|---|
| 008 | 180718b2001 xxu||||| |||| 00| 0 eng d | ||
| 100 | _aKarmacharya, Binod K. | ||
| 245 | _aEconomic reforms in Nepal and their implications for trade, economic growth, inequality and poverty | ||
| 260 | _c2001 | ||
| 300 | _ap.87-103 | ||
| 362 | _aJan-Jun | ||
| 650 | _aPoverty - Nepal | ||
| 650 | _aEconomic growth - Nepal | ||
| 650 | _aTrade - Nepal | ||
| 650 | _aEconomic reform - Nepal | ||
| 650 | _aEconomic reform | ||
| 773 | _aSouth Asian Economic Journal | ||
| 909 | _a48090 | ||
| 999 |
_c48090 _d48090 |
||